000 01133nam a22003737a 4500
001 00260
003 DO-SdBNP
005 20180220112734.0
008 151023b 1992 sp a || 00| 0 spa d
020 _a8434812479
040 _aBPMSU
_bspa
_cBPMSU
041 1 7 _aspa
_heng
092 _axxxx
_bxxxx
100 1 _aTerlouw, Jan,
_c1931-
240 1 0 _aKoning van katoren
_lEspañol
245 1 0 _aEl rey de Katoren /
_cJan Terlouw ; traducción Guillermo Solana Alonso ; ilustraciones J. J. Vayssieéres.
250 _a11ª ed.
260 _aMadrid :
_bEdiciones S M,
_c1992.
300 _a205 p.
_bil.
_c19 cm.
490 0 _aEl barco de vapor
_v12
490 0 _aRoja
521 _aA partir de 12 años.
586 _aPremio mejor libro juvenil de Holanda.
586 _aPremio mejor libro juvenil de Austria.
586 _aGran premio de literatura juvenil.
700 1 2 _aSolana Alonso, Guillermo,
_etr.
700 1 2 _aVayssieéres, J. J.,
_eil.
830 0 _aEl barco de vapor
_n12
830 0 _aRoja
910 _a00260
942 _2ddc
_cBK
945 _aInventariado, 2018/ YL
956 _2Lorenza Pérez
999 _c8452
_d8452